000 01036nam a2200241 a 4500
001 75173
003 BD-RjUL
005 20211209082645.0
008 190128s2017 bg a|||| b||| 001 0dben d
020 _a9789849263265
_c: Tk. 300.00
035 _a(BD-RjUL)75391
040 _aBD-RjUL
_bben
_cBD-RjUL
_dBD-RjUL
_eBD-RjUL
041 _aben
082 _223
_a954.9205092
_bMAA 2017
100 1 _aমনসুর, সিনহা আবুল
_9227462
245 1 _aএক মুক্তিযোদ্ধার না বলা কথা /
_cসিনহা আবুল মনসুর
260 _aঢাকা :
_bবিদ্যাপ্রকাশ,
_c২০১৭
300 _a২২৩ পৃ. :
_bচিত্র ;
_c২২ সেমি.
504 _aগ্রন্থপঞ্জী সংযুক্ত।
650 _a বাংলাদেশ
_vইতিহাস
_yবিপ্লব, ১৯৭১
_xসূত্র।
_9227463
650 _aBangladesh
_vHistory
_yRevolution, 1971
_xSources.
_9227464
942 _2ddc
_cBK
999 _c75173
_d75173